| 000 | 00423nam a22001697a 4500 | ||
|---|---|---|---|
| 003 | MPLRDC | ||
| 005 | 20220104123628.0 | ||
| 008 | 210129b ||||| |||| 00| 0 eng d | ||
| 082 | _a607 WES v.1 | ||
| 100 | _aH.G.WOLLS | ||
| 245 |
_a文明的脚步. 上 _c刘大基、阎琬译 |
||
| 250 | _a初版 | ||
| 260 |
_a _b金枫出版有限公司 _c1987 |
||
| 300 | _b平 | ||
| 650 | _a史地杂著 | ||
| 942 |
_cBK _o607 WES v.1 |
||
| 999 |
_c12931 _d12921 |
||